000 00684nam a2200241Ia 4500
003 OSt
005 20220930070847.0
006 a|||||r|||| 00| 0
007 ta
008 220926b |||||||| |||| 00| 0 eng d
024 _a7606
037 _cTheses
040 _aCRL
_cCRL
_beng
041 _2eng
_aeng
100 _aSankhdher B.M.
110 _aUniversity of Delhi. Faculty of Social Sciences. Department of History
245 0 _aDevelopment of the press in India, 1780-1835
260 _c1974
650 _aHISTORY
700 _aUniversity of Delhi. Faculty of Social Sciences. Department of History
942 _cDIS
_2CC
999 _c861510
_d861510